000 01203nam a2200229Ia 4500
999 _c53882
_d53882
001 20933
003 GE_BSU
005 20210624174120.0
008 181216s2017||||ge |||||||||||||| ||geo||
020 _a9789941934131
040 _cGE_BSU
041 _ageo
080 _a343.1(479.22)(094.4) ს-32
245 _aსაქართველოს სისხლის სამართლის საპროცესო კოდექსი :
_bგამოცემულია 2017 წლის 13თებერვლის მდგომარეობითანბანურ-საგნობრივი საძიებლით.
264 _aთბილისი :
_bიურისტების სამყარო,
_c2017.
300 _a272 გვ. :
_bზამბარიანი აკინძვით ;
_c20 სმ.
500 _aანბანურ-საგნობრივი საძიებლი გვ. : 267–269
541 _h9ლ.
653 _aსამართალი
653 _aსაქართველოს სისხლის სამართლის საპროცესო კოდექსი
942 _cBK
_2udc